[Event "BPB Limburg open A"]
[Site "Maastricht"]
[Date "2014.06.09"]
[Round "7"]
[White "Schoppen, Casper"]
[Black "Harff, Wilfried"]
[Result "1/2-1/2"]
[WhiteElo "1906"]
[BlackElo "2149"]
[PlyCount "171"]
[EventDate "2014.06.06"]
[EventType "swiss"]
[EventRounds "7"]
[EventCountry "NED"]
[Source "P.Boonen"]
[SourceDate "2014.10.10"]

1. e4 c5 2. Nf3 Nc6 3. d4 cxd4 4. Nxd4 d5 5. Bb5 dxe4 6. Nxc6 Qxd1+ 7. Kxd1 a6
8. Nxe7+ Kxe7 9. Bc4 Bg4+ 10. Ke1 Be6 11. Bxe6 Kxe6 12. Ke2 Rc8 13. c3 f5 14.
Nd2 Bd6 15. Nb3 Ne7 16. Bg5 Nc6 17. Rad1 Rhe8 18. Be3 f4 19. Rxd6+ Kxd6 20.
Bxf4+ Ne5 21. Ke3 Kc6 22. Bxe5 Rxe5 23. Rd1 Kc7 24. Rd4 Rd8 25. Rxd8 Kxd8 26.
Nd2 Rd5 27. Nxe4 Rd1 28. Nc5 Kc8 29. Nd3 Rh1 30. h3 Rg1 31. Kf3 Kc7 32. Nc5 Ra1
33. a4 a5 34. Ke3 b6 35. Ne6+ Kd7 36. Nxg7 Rxa4 37. Kd2 Ra1 38. Nh5 Rb1 39. Kc2
Rf1 40. Nf6+ Ke6 41. Ne4 Ke5 42. Kd3 b5 43. g3 Rb1 44. f4+ Kd5 45. Kc2 Rg1 46.
Nf6+ Ke6 47. Ne4 Rg2+ 48. Kb3 h6 49. g4 Re2 50. Ng3 Re3 51. Nf5 Rxh3 52. Nd4+
Kd7 53. Nf5 Rh2 54. Nd4 Rg2 55. Nf3 Kd6 56. Ne5 Kd5 57. Nd7 Ke4 58. g5 Rd2 59.
Nc5+ Kd5 60. Nd7 hxg5 61. fxg5 Rg2 62. Nf6+ Ke6 63. Ne4 Ke5 64. Nc5 Kd5 65. Nd3
Rxg5 66. Nf4+ Ke4 67. Ne6 Rh5 68. Nd4 Kd3 69. Nc6 a4+ 70. Ka3 Kc4 71. Nb4 Rh1
72. Ka2 Rc1 73. Nc6 Re1 74. Nb4 Re6 75. Nc2 Re2 76. Nb4 Re4 77. Nc2 Kc5 78. Ka3
Rh4 79. Nb4 Rxb4 80. cxb4+ Kc4 81. Ka2 Kxb4 82. Kb1 Kb3 83. Ka1 Kc2 84. Ka2 b4
85. Ka1 a3 86. Ka2 1/2-1/2

[Event "BPB Limburg open A"]
[Site "Maastricht"]
[Date "2014.06.09"]
[Round "7"]
[White "Schroer, Marcel"]
[Black "Kampman, Tijmen"]
[Result "1/2-1/2"]
[WhiteElo "2144"]
[BlackElo "2091"]
[PlyCount "79"]
[EventDate "2014.06.06"]
[EventType "swiss"]
[EventRounds "7"]
[EventCountry "NED"]
[Source "P.Boonen"]
[SourceDate "2014.10.10"]

1. d4 g6 2. c4 Bg7 3. g3 d6 4. Bg2 c6 5. Nf3 Nf6 6. O-O O-O 7. Nc3 Qa5 8. e4
Bg4 9. h3 Bxf3 10. Bxf3 e5 11. Be3 Nbd7 12. Rb1 Qb4 13. Be2 exd4 14. Bxd4 Rfe8
15. f3 d5 16. cxd5 cxd5 17. Bb5 dxe4 18. Bxd7 Rad8 19. Bxe8 Nxe8 20. Ne2 Bxd4+
21. Nxd4 Rxd4 22. Qe1 Qb6 23. fxe4 Qe6 24. Qf2 Rxe4 25. Rbe1 Nd6 26. Rxe4 Nxe4
27. Qxa7 Ng5 28. Qxb7 Nxh3+ 29. Kh2 Ng5 30. Qg2 Qxa2 31. Qd2 h6 32. Rf4 Qe6 33.
Qg2 Qb3 34. Qe2 Kh7 35. Qg2 Kg8 36. Qf2 Qe6 37. Qg2 Qb3 38. Qf2 Qe6 39. Qg2 Qb3
40. Qf2 1/2-1/2

[Event "BPB Limburg open A"]
[Site "Maastricht"]
[Date "2014.06.09"]
[Round "7"]
[White "Serbu, Eli"]
[Black "Winkels, Marcel"]
[Result "1-0"]
[WhiteElo "2170"]
[BlackElo "1996"]
[PlyCount "109"]
[EventDate "2014.06.06"]
[EventType "swiss"]
[EventRounds "7"]
[EventCountry "NED"]
[Source "P.Boonen"]
[SourceDate "2014.10.10"]

1. e4 c5 2. c3 d5 3. exd5 Qxd5 4. d4 g6 5. dxc5 Qxc5 6. Be3 Qc7 7. Nf3 Bg7 8.
Nbd2 Nf6 9. Bc4 O-O 10. O-O Nc6 11. Qe2 b6 12. Rad1 Bb7 13. Nb3 Ng4 14. h3 Nxe3
15. Qxe3 e6 16. Nbd2 Rad8 17. Ne4 Nd4 18. Nfd2 Nf5 19. Qe2 Qc6 20. Rfe1 Nd6 21.
f3 Nf5 22. Nf1 Qc7 23. Bb3 Qf4 24. Bc2 h5 25. Rxd8 Rxd8 26. Rd1 Rxd1 27. Qxd1
Bd5 28. a3 Be5 29. Qd2 h4 30. Nf6+ Kg7 31. Nxd5 exd5 32. Qxf4 Bxf4 33. Bxf5
gxf5 34. b3 Bc1 35. a4 f4 36. Kf2 Kf6 37. Ke2 Ke5 38. Nd2 Bxd2 39. Kxd2 d4 40.
Kd3 dxc3 41. Kxc3 Kd5 42. Kb4 Kd4 43. Kb5 Kc3 44. b4 a6+ 45. Kxb6 Kxb4 46. a5
Kc3 47. Kxa6 Kd3 48. Kb6 Ke3 49. a6 Kf2 50. a7 Kxg2 51. a8=Q Kxh3 52. Qg8 Kh2
53. Qxf7 Kg3 54. Qh5 Kf2 55. Kc5 1-0

[Event "BPB Limburg open A"]
[Site "Maastricht"]
[Date "2014.06.09"]
[Round "7"]
[White "Snuverink, Laurens"]
[Black "Gerlagh, Joris"]
[Result "0-1"]
[WhiteElo "2009"]
[BlackElo "2103"]
[PlyCount "34"]
[EventDate "2014.06.06"]
[EventType "swiss"]
[EventRounds "7"]
[EventCountry "NED"]
[Source "P.Boonen"]
[SourceDate "2014.10.10"]

1. d4 Nf6 2. c4 g6 3. Nc3 d5 4. Nf3 Bg7 5. e3 O-O 6. Be2 dxc4 7. Bxc4 c5 8. d5
Nbd7 9. a4 Nb6 10. Ba2 Bf5 11. a5 Nc8 12. Qa4 Nd6 13. O-O b5 14. axb6 axb6 15.
Qh4 h6 16. g4 Bxg4 17. Ne5 Nf5 0-1

[Event "BPB Limburg open A"]
[Site "Maastricht"]
[Date "2014.06.09"]
[Round "7"]
[White "Snuverink, Michiel"]
[Black "Dijkhuis, Sven"]
[Result "1-0"]
[WhiteElo "2053"]
[BlackElo "1993"]
[PlyCount "107"]
[EventDate "2014.06.06"]
[EventType "swiss"]
[EventRounds "7"]
[EventCountry "NED"]
[Source "P.Boonen"]
[SourceDate "2014.10.10"]

1. e4 c5 2. Nf3 e6 3. Nc3 d6 4. Bb5+ Bd7 5. O-O Bxb5 6. Nxb5 Nf6 7. Re1 Nc6 8.
d4 a6 9. Nc3 cxd4 10. Nxd4 Be7 11. Nxc6 bxc6 12. b3 O-O 13. Bb2 Qc7 14. Qf3 e5
15. Nd1 Rad8 16. c4 Rfe8 17. Ne3 Bf8 18. Red1 Qb7 19. Rd3 Rd7 20. Rad1 Red8 21.
Qf5 Ne8 22. Bxe5 g6 23. Qg4 h5 24. Qh3 Re7 25. Bxd6 Red7 26. e5 Nxd6 27. e6
fxe6 28. Qxe6+ Kg7 29. c5 Qb4 30. cxd6 Rxd6 31. Nf5+ gxf5 32. Rg3+ Qg4 33.
Rxg4+ hxg4 34. Qe5+ Kg6 35. Rxd6+ Rxd6 36. Qe8+ Kg7 37. g3 c5 38. Kg2 Rf6 39.
h3 gxh3+ 40. Kxh3 Rh6+ 41. Kg2 Rf6 42. f3 Rf7 43. g4 fxg4 44. Qe5+ Rf6 45. fxg4
Kg6 46. g5 Rf5 47. Qe6+ Kxg5 48. Qxa6 Bg7 49. a4 Bc3 50. Qd3 Bb4 51. Qb5 Bc3
52. Qb6 Bb4 53. a5 Rf6 54. Qd8 1-0

[Event "BPB Limburg open A"]
[Site "Maastricht"]
[Date "2014.06.09"]
[Round "7"]
[White "Stiefel, Roland"]
[Black "Commercon, Simon"]
[Result "1/2-1/2"]
[WhiteElo "2035"]
[BlackElo "2219"]
[PlyCount "196"]
[EventDate "2014.06.06"]
[EventType "swiss"]
[EventRounds "7"]
[EventCountry "NED"]
[Source "P.Boonen"]
[SourceDate "2014.10.10"]

1. d4 d5 2. Nf3 Nf6 3. Bf4 c6 4. c3 Qb6 5. Qb3 Nbd7 6. e3 Nh5 7. Bg3 g6 8. Nbd2
Bg7 9. Be2 O-O 10. Bh4 Re8 11. O-O h6 12. Ne1 Ndf6 13. f4 Bg4 14. Bxg4 Nxg4 15.
Nc2 Ngf6 16. h3 Bf8 17. Rae1 Qxb3 18. axb3 Ne4 19. Nxe4 dxe4 20. Na3 Ng7 21.
Nc4 Nf5 22. Bf2 Nd6 23. Nd2 f5 24. Ra1 a6 25. Ra2 Rac8 26. b4 Kf7 27. c4 Red8
28. Rc1 Ne8 29. Nb3 e6 30. Be1 g5 31. g3 Rd7 32. Kf2 Be7 33. Ke2 Nf6 34. Na5
Rg8 35. c5 Nd5 36. Nc4 Bf6 37. fxg5 hxg5 38. Bd2 Ke7 39. Rg1 Rh8 40. Rh1 Kd8
41. Raa1 Rdh7 42. Nd6 Kc7 43. Raf1 Be7 44. g4 Bxd6 45. cxd6+ Kxd6 46. gxf5 Rxh3
47. Rhg1 Rh2+ 48. Kd1 R2h5 49. fxe6 Kxe6 50. Rg4 Nf6 51. d5+ cxd5 52. Rg2 Rh1
53. Rxh1 Rxh1+ 54. Kc2 Kf5 55. Kc3 Ng4 56. Kd4 Rd1 57. Kc5 Ne5 58. Bc3 Nf3 59.
Kb6 d4 60. exd4 e3 61. Kxb7 Nxd4 62. Kxa6 Ne6 63. b5 Ra1+ 64. Kb6 Nf4 65. Rc2
Ke4 66. Kc6 Nd5 67. Rg2 Rc1 68. Rxg5 Nxc3 69. bxc3 e2 70. Kd6 Rd1+ 71. Ke6 Kd3
72. Re5 e1=Q 73. Rxe1 Rxe1+ 74. Kd6 Kc4 75. b6 Kb5 76. b7 Re8 77. Kc7 Re7+ 78.
Kc8 Kc6 79. b8=N+ Kd6 80. Na6 Ra7 81. Nb4 Rc7+ 82. Kb8 Rxc3 83. Ka7 Rb3 84. Na6
Kc6 85. Nb8+ Kc7 86. Na6+ Kc8 87. Nc5 Rb5 88. Na6 Rb7+ 89. Ka8 Rh7 90. Nb4 Kc7
91. Ka7 Rh4 92. Na6+ Kc6 93. Nb8+ Kb5 94. Kb7 Rh7+ 95. Kc8 Kb6 96. Nd7+ Kc6 97.
Nb8+ Kd6 98. Na6 Ra7 1/2-1/2

[Event "BPB Limburg open A"]
[Site "Maastricht"]
[Date "2014.06.09"]
[Round "7"]
[White "Timmermans, Ivo"]
[Black "Van Foreest, Lucas"]
[Result "1-0"]
[WhiteElo "2207"]
[BlackElo "2190"]
[PlyCount "81"]
[EventDate "2014.06.06"]
[EventType "swiss"]
[EventRounds "7"]
[EventCountry "NED"]
[Source "P.Boonen"]
[SourceDate "2014.10.10"]

1. e4 e5 2. Nf3 Nc6 3. Bb5 a6 4. Ba4 Nf6 5. O-O Be7 6. Re1 b5 7. Bb3 O-O 8. c3
d6 9. h3 Na5 10. Bc2 c5 11. d4 Qc7 12. Nbd2 Bd7 13. Nf1 Rfe8 14. d5 c4 15. N3h2
Nb7 16. f4 exf4 17. Bxf4 g6 18. Nf3 Bf8 19. Nd4 Bg7 20. Qf3 h5 21. Rad1 Bc8 22.
Nh2 Nc5 23. Re2 Nfd7 24. g4 h4 25. Qf2 Ne5 26. Qxh4 Bd7 27. Bxe5 Bxe5 28. Nhf3
Kg7 29. Nxe5 Rxe5 30. Rf1 Bc8 31. Qf6+ Kg8 32. Nc6 Re8 33. e5 Nd3 34. exd6 Qb6+
35. Kh1 Bf5 36. Ne7+ Rxe7 37. Rxe7 Rf8 38. gxf5 Nf2+ 39. Kg2 Qc5 40. Rxf2 Qxd5+
41. Be4 1-0

[Event "BPB Limburg open A"]
[Site "Maastricht"]
[Date "2014.06.09"]
[Round "7"]
[White "Tugui, Adrian"]
[Black "Wilschut, Peter"]
[Result "1-0"]
[WhiteElo "2397"]
[BlackElo "2258"]
[PlyCount "49"]
[EventDate "2014.06.06"]
[EventType "swiss"]
[EventRounds "7"]
[EventCountry "NED"]
[Source "P.Boonen"]
[SourceDate "2014.10.10"]

1. d4 d5 2. Nf3 c6 3. c4 Nf6 4. Qb3 dxc4 5. Qxc4 Bg4 6. Nc3 g6 7. Ng5 e6 8. h3
Bf5 9. e4 h6 10. exf5 hxg5 11. fxe6 Nd5 12. exf7+ Kxf7 13. Be2 Kg7 14. O-O Na6
15. Nxd5 cxd5 16. Qb3 Rb8 17. f4 gxf4 18. Bxf4 Bd6 19. Qg3 Bxf4 20. Rxf4 Rf8
21. Raf1 Qe7 22. Bd3 g5 23. Rf5 Rxf5 24. Rxf5 Kh6 25. Bxa6 1-0

[Event "BPB Limburg open A"]
[Site "Maastricht"]
[Date "2014.06.09"]
[Round "7"]
[White "Van Eetvelde, Ward"]
[Black "Skutta, Bernd"]
[Result "1-0"]
[WhiteElo "2123"]
[BlackElo "2037"]
[PlyCount "45"]
[EventDate "2014.06.06"]
[EventType "swiss"]
[EventRounds "7"]
[EventCountry "NED"]
[Source "P.Boonen"]
[SourceDate "2014.10.10"]

1. d4 d5 2. Nf3 Nf6 3. c4 c6 4. g3 dxc4 5. Bg2 a6 6. O-O e6 7. a4 c5 8. Nbd2
Nc6 9. dxc5 Bxc5 10. Nxc4 O-O 11. b3 Qe7 12. Bb2 Rd8 13. Qc1 Bd7 14. Qg5 Ne8
15. Qh5 Nf6 16. Bxf6 gxf6 17. Ne3 f5 18. Ng5 f6 19. Nxf5 exf5 20. Bd5+ Kf8 21.
Qh6+ Ke8 22. Nxh7 Bd4 23. Qg6+ 1-0

[Event "BPB Limburg open A"]
[Site "Maastricht"]
[Date "2014.06.09"]
[Round "7"]
[White "Van Foreest, Jorden"]
[Black "Harff, Marcel"]
[Result "1/2-1/2"]
[WhiteElo "2448"]
[BlackElo "2288"]
[PlyCount "65"]
[EventDate "2014.06.06"]
[EventType "swiss"]
[EventRounds "7"]
[EventCountry "NED"]
[Source "P.Boonen"]
[SourceDate "2014.10.10"]

1. e4 e6 2. d4 d5 3. Nd2 dxe4 4. Nxe4 Nd7 5. Nf3 Ngf6 6. Ng3 c5 7. dxc5 Bxc5 8.
Bd3 O-O 9. Qe2 b6 10. O-O Bb7 11. Bf4 Re8 12. Rad1 Qc8 13. Ne4 Nxe4 14. Bxe4
Bxe4 15. Qxe4 Nf6 16. Qe2 Qb7 17. a3 Rad8 18. b4 Be7 19. Ne5 a5 20. bxa5 bxa5
21. a4 Qb4 22. c4 Qxa4 23. Ra1 Qb3 24. Rfb1 Qc3 25. Nc6 Qd3 26. Qxd3 Rxd3 27.
Nxe7+ Rxe7 28. Rxa5 h6 29. Ra8+ Kh7 30. Rc1 e5 31. Be3 Rc7 32. h3 Nd5 33. cxd5
1/2-1/2

[Event "BPB Limburg open A"]
[Site "Maastricht"]
[Date "2014.06.09"]
[Round "7"]
[White "Van Helvoort, Rob"]
[Black "Bezemer, Arno"]
[Result "1-0"]
[WhiteElo "2140"]
[BlackElo "2324"]
[PlyCount "63"]
[EventDate "2014.06.06"]
[EventType "swiss"]
[EventRounds "7"]
[EventCountry "NED"]
[Source "P.Boonen"]
[SourceDate "2014.10.10"]

1. e4 c5 2. c3 Nf6 3. e5 Nd5 4. d4 cxd4 5. cxd4 d6 6. Nf3 e6 7. Bc4 Nc6 8. exd6
Bxd6 9. O-O O-O 10. Re1 Qc7 11. Bb3 Bd7 12. Nc3 Nxc3 13. bxc3 Na5 14. Qd3 Rfc8
15. Ng5 g6 16. Qh3 h5 17. Qf3 Rf8 18. Ne4 Nxb3 19. axb3 Bc6 20. Qh3 Bf4 21. Bb2
Bxe4 22. Rxe4 Bh6 23. g4 Kh7 24. c4 hxg4 25. Rxg4 g5 26. Re1 Rg8 27. Qd3+ Rg6
28. h4 f5 29. h5 Rg7 30. d5 Rd7 31. Rxe6 Rf8 32. Rf6 1-0

[Event "BPB Limburg open A"]
[Site "Maastricht"]
[Date "2014.06.09"]
[Round "7"]
[White "Van Liempt, Michael"]
[Black "Nasshan, Dennis"]
[Result "0-1"]
[WhiteElo "2008"]
[BlackElo "2173"]
[PlyCount "54"]
[EventDate "2014.06.06"]
[EventType "swiss"]
[EventRounds "7"]
[EventCountry "NED"]
[Source "P.Boonen"]
[SourceDate "2014.10.10"]

1. e4 c5 2. Nc3 e6 3. f4 Nc6 4. Nf3 a6 5. d3 d6 6. g3 g6 7. Bg2 Bg7 8. O-O Nge7
9. Qe1 Rb8 10. a3 b5 11. Ne2 b4 12. a4 a5 13. Rb1 d5 14. b3 Ba6 15. Bb2 Bxb2
16. Rxb2 c4 17. dxc4 dxc4 18. Rb1 Qb6+ 19. Kh1 c3 20. Rd1 O-O 21. e5 Nf5 22.
Rg1 Ne3 23. Rc1 Ng4 24. h3 Ne3 25. g4 Nxg2 26. Kxg2 Rbd8 27. Kh2 Qe3 0-1

[Event "BPB Limburg open A"]
[Site "Maastricht"]
[Date "2014.06.09"]
[Round "7"]
[White "Van Meegen, Ruud"]
[Black "Snuverink, Jochem"]
[Result "1/2-1/2"]
[WhiteElo "2026"]
[BlackElo "2357"]
[PlyCount "106"]
[EventDate "2014.06.06"]
[EventType "swiss"]
[EventRounds "7"]
[EventCountry "NED"]
[Source "P.Boonen"]
[SourceDate "2014.10.10"]

1. e4 c5 2. Nf3 Nc6 3. d4 cxd4 4. Nxd4 Nf6 5. Nc3 e5 6. Ndb5 d6 7. Bg5 a6 8.
Na3 b5 9. Nd5 Be7 10. Bxf6 Bxf6 11. c3 Bg5 12. Nc2 Rb8 13. a4 bxa4 14. Ncb4
Nxb4 15. Nxb4 Bd7 16. Bxa6 O-O 17. O-O Rb6 18. Bd3 d5 19. exd5 Be7 20. Nc6 Bxc6
21. dxc6 a3 22. bxa3 Rxc6 23. Qc2 g6 24. Be4 Rc5 25. Rfd1 Qc7 26. Rd3 Rc8 27.
Rc1 Bg5 28. Rb1 Rxc3 29. Rxc3 Qxc3 30. Qxc3 Rxc3 31. Ra1 Bc1 32. a4 Bb2 33. Rb1
Rc4 34. Bd3 Rd4 35. Rxb2 Rxd3 36. g3 Ra3 37. Rb5 e4 38. a5 Kg7 39. Kf1 Ra2 40.
g4 e3 41. fxe3 Rxh2 42. g5 Ra2 43. Rc5 h6 44. gxh6+ Kxh6 45. Rb5 g5 46. Rb6+
Kh5 47. Rf6 Rxa5 48. Rxf7 Kg4 49. Kg2 Ra1 50. Rf3 Rg1+ 51. Kxg1 Kxf3 52. e4
Kxe4 53. Kg2 Kf4 1/2-1/2

[Event "BPB Limburg open A"]
[Site "Maastricht"]
[Date "2014.06.09"]
[Round "7"]
[White "Van der Heijden, Alan"]
[Black "Keetman, Maaike"]
[Result "1-0"]
[WhiteElo "2269"]
[BlackElo "1956"]
[PlyCount "37"]
[EventDate "2014.06.06"]
[EventType "swiss"]
[EventRounds "7"]
[EventCountry "NED"]
[Source "P.Boonen"]
[SourceDate "2014.10.10"]

1. d4 d5 2. Bg5 Nd7 3. e3 Ngf6 4. Nf3 e6 5. c4 c6 6. Nc3 Bd6 7. Bd3 O-O 8. O-O
Qe7 9. cxd5 exd5 10. e4 dxe4 11. Nxe4 Bc7 12. Re1 Qd8 13. Qc2 h6 14. Bh4 Bb6
15. Rad1 a5 16. Bc4 a4 17. Ne5 Ba5 18. Nxd7 Bxd7 19. Nxf6+ 1-0

[Event "BPB Limburg open A"]
[Site "Maastricht"]
[Date "2014.06.09"]
[Round "7"]
[White "Veltman, Anne"]
[Black "Van der Auweraert, Elwin"]
[Result "0-1"]
[WhiteElo "2017"]
[BlackElo "2212"]
[PlyCount "88"]
[EventDate "2014.06.06"]
[EventType "swiss"]
[EventRounds "7"]
[EventCountry "NED"]
[Source "P.Boonen"]
[SourceDate "2014.10.10"]

1. e4 c5 2. Nf3 d6 3. d4 cxd4 4. Nxd4 Nf6 5. Nc3 a6 6. Bg5 Nbd7 7. f4 Qc7 8.
Qf3 h6 9. Bh4 g5 10. fxg5 hxg5 11. Bxg5 Qc5 12. Bxf6 Nxf6 13. Nb3 Qe5 14. Qd3
Bf5 15. O-O-O Nxe4 16. Nxe4 Bxe4 17. Qd4 Rc8 18. Bd3 Bxg2 19. Qg4 Bh3 20. Qb4
Bg7 21. c3 b5 22. Nd4 Rh4 23. Kb1 Qd5 24. Rhg1 Bxd4 25. cxd4 Kf8 26. Qe1 Qxd4
27. Bh7 Qxg1 28. Qxg1 Rxh7 29. Rd2 Bf5+ 30. Ka1 Rg7 31. Qf1 Be4 32. b3 f5 33.
Kb2 Kf7 34. Qf4 Rcg8 35. Kc3 a5 36. Re2 b4+ 37. Kc4 Rc8+ 38. Kb5 e5 39. Qe3 Ke8
40. Ka4 Bc6+ 41. Kxa5 Rb7 42. Qb6 Ra8+ 43. Qa6 Rb5+ 44. Ka4 Rxa6# 0-1

[Event "BPB Limburg open A"]
[Site "Maastricht"]
[Date "2014.06.09"]
[Round "7"]
[White "Vereggen, Lars"]
[Black "Warmerdam, Max"]
[Result "0-1"]
[WhiteElo "2172"]
[BlackElo "2177"]
[PlyCount "90"]
[EventDate "2014.06.06"]
[EventType "swiss"]
[EventRounds "7"]
[EventCountry "NED"]
[Source "P.Boonen"]
[SourceDate "2014.10.10"]

1. d4 Nf6 2. c4 g6 3. Nc3 Bg7 4. e4 d6 5. f3 O-O 6. Be3 Nc6 7. Nge2 a6 8. Qd2
Rb8 9. Rc1 Bd7 10. b3 e5 11. d5 Ne7 12. g3 Ne8 13. Bg2 f5 14. O-O Nf6 15. h3
Rf7 16. c5 Nh5 17. Bf2 h6 18. Na4 b5 19. cxb6 cxb6 20. Qc3 Bb5 21. Rfe1 Qf8 22.
Qe3 f4 23. gxf4 Bxe2 24. Rxe2 Nxf4 25. Rec2 Nc8 26. Rc7 Rxc7 27. Rxc7 Qd8 28.
Rxg7+ Kxg7 29. Bf1 b5 30. Nb2 Qa5 31. Nd3 Nxd3 32. Qxd3 Rb7 33. f4 exf4 34.
Qd4+ Kh7 35. e5 dxe5 36. Qxe5 Qc7 37. Qe6 Qd7 38. Qxa6 Qxd5 39. b4 Nd6 40. Qa8
Qg5+ 41. Kh2 Qe5 42. Bc5 Rf7 43. Qf3 Ne4 44. Qb3 f3+ 45. Kh1 Qf4 0-1

[Event "BPB Limburg open A"]
[Site "Maastricht"]
[Date "2014.06.09"]
[Round "7"]
[White "Villwock, Martin"]
[Black "Sadikhov, Ulvi"]
[Result "0-1"]
[WhiteElo "2151"]
[BlackElo "2337"]
[PlyCount "90"]
[EventDate "2014.06.06"]
[EventType "swiss"]
[EventRounds "7"]
[EventCountry "NED"]
[Source "P.Boonen"]
[SourceDate "2014.10.10"]

1. b3 e5 2. Bb2 d6 3. g3 g6 4. d4 Nd7 5. dxe5 dxe5 6. Nf3 Bg7 7. Bg2 Ne7 8. h4
O-O 9. Qc1 Nf5 10. Nbd2 Re8 11. e4 Nd6 12. h5 Nc5 13. hxg6 hxg6 14. Qd1 Ndxe4
15. Qe2 Nd6 16. O-O-O Qe7 17. Rh2 f6 18. Nh4 Qf7 19. Ba3 Ne6 20. Bxd6 Nd4 21.
Qd3 cxd6 22. c3 Ne6 23. Nc4 Nc5 24. Qc2 Rd8 25. Nxd6 Qc7 26. Nb5 Rxd1+ 27. Qxd1
Qb6 28. Nxg6 Be6 29. c4 Rd8 30. Ne7+ Kf8 31. Nd5 Qa5 32. Qe2 Bxd5 33. Bxd5 a6
34. b4 Qxb4 35. Nc7 Qc3+ 36. Kb1 Rd6 37. Na8 Nd3 38. Rh1 Rxd5 39. cxd5 Qb4+ 40.
Kc2 e4 41. Rb1 Qa4+ 42. Kd2 Qxa2+ 43. Ke3 Qxb1 44. f4 f5 45. Qd2 Qg1+ 0-1

[Event "BPB Limburg open A"]
[Site "Maastricht"]
[Date "2014.06.09"]
[Round "7"]
[White "Weiler, Wolfgang"]
[Black "Van de Perre, Tom"]
[Result "1/2-1/2"]
[WhiteElo "2132"]
[BlackElo "2121"]
[PlyCount "23"]
[EventDate "2014.06.06"]
[EventType "swiss"]
[EventRounds "7"]
[EventCountry "NED"]
[Source "P.Boonen"]
[SourceDate "2014.10.10"]

1. Nf3 d5 2. c4 c6 3. g3 Nf6 4. Bg2 e6 5. b3 Be7 6. Bb2 O-O 7. d3 b6 8. O-O Bb7
9. Nbd2 c5 10. Ne5 Nbd7 11. Ndf3 Nxe5 12. Nxe5 1/2-1/2

[Event "BPB Limburg open A"]
[Site "Maastricht"]
[Date "2014.06.09"]
[Round "7"]
[White "Xiong, Ferdinand"]
[Black "Blom, Vincent"]
[Result "1/2-1/2"]
[WhiteElo "2110"]
[BlackElo "2213"]
[PlyCount "101"]
[EventDate "2014.06.06"]
[EventType "swiss"]
[EventRounds "7"]
[EventCountry "NED"]
[Source "P.Boonen"]
[SourceDate "2014.10.10"]

1. Nf3 d5 2. g3 Nf6 3. Bg2 g6 4. O-O Bg7 5. c4 c6 6. d3 dxc4 7. dxc4 Qxd1 8.
Rxd1 O-O 9. Bf4 Nfd7 10. Nc3 Bxc3 11. bxc3 Na6 12. Rd4 Ndc5 13. Bh6 Re8 14.
Rad1 f6 15. h4 e5 16. Rd6 Be6 17. Nd2 Kf7 18. Be3 Ke7 19. Nb3 Nxb3 20. axb3 Bf5
21. b4 Red8 22. Rxd8 Rxd8 23. Rxd8 Kxd8 24. Bxa7 Be6 25. c5 Kc8 26. Bb6 Nb8 27.
f4 Nd7 28. Kf2 exf4 29. gxf4 f5 30. Ke3 Nf6 31. Kd4 Kd7 32. Ba7 Bd5 33. Bxd5
Nxd5 34. Bb8 Nf6 35. Be5 Ne4 36. e3 Ke6 37. Kd3 Ke7 38. Bd4 Ke6 39. c4 Kf7 40.
Be5 h6 41. Bd6 Ke6 42. Bf8 g5 43. fxg5 hxg5 44. hxg5 Nxg5 45. Bh6 Ne4 46. Kd4
Nd2 47. Bf4 Kf6 48. Bd6 Kg5 49. b5 Kg4 50. bxc6 bxc6 51. Bf4 1/2-1/2

[Event "BPB Limburg open B"]
[Site "Maastricht"]
[Date "2014.06.06"]
[Round "1"]
[White "Behr, Rene"]
[Black "Dirksen, Marieke"]
[Result "1/2-1/2"]
[WhiteElo "1867"]
[BlackElo "2005"]
[PlyCount "79"]
[EventDate "2014.06.06"]
[EventType "swiss"]
[EventRounds "7"]
[EventCountry "NED"]
[Source "P.Boonen"]
[SourceDate "2014.10.10"]

1. c4 Nf6 2. g3 e5 3. Bg2 d5 4. cxd5 Nxd5 5. Nc3 Nb6 6. Nf3 Nc6 7. O-O Be7 8.
d4 exd4 9. Nb5 a6 10. Nbxd4 Nxd4 11. Qxd4 O-O 12. e4 Qxd4 13. Nxd4 c5 14. Nf5
Bxf5 15. exf5 Ra7 16. Re1 Bf6 17. Be3 Nd7 18. Rad1 b6 19. Rd6 Bxb2 20. Red1 Ne5
21. Rxb6 Nc4 22. Rc6 Nxe3 23. fxe3 Re7 24. Rxc5 Rxe3 25. Rd2 Bc3 26. Rd7 Bb4
27. Rcc7 Re1+ 28. Kf2 Re5 29. g4 h5 30. Bd5 Be7 31. Bc4 Re8 32. h3 hxg4 33.
hxg4 a5 34. Kf3 Kf8 35. Kf4 f6 36. Be6 Re1 37. Rc3 Rd8 38. Rh3 Bd6+ 39. Kf3
Rxd7 40. Bxd7 1/2-1/2

[Event "BPB Limburg open B"]
[Site "Maastricht"]
[Date "2014.06.06"]
[Round "1"]
[White "Bettman, Jan"]
[Black "Westerweele, Henrik"]
[Result "0-1"]
[WhiteElo "1842"]
[BlackElo "1960"]
[PlyCount "104"]
[EventDate "2014.06.06"]
[EventType "swiss"]
[EventRounds "7"]
[EventCountry "NED"]
[Source "P.Boonen"]
[SourceDate "2014.10.10"]

1. e4 e6 2. d4 d5 3. Nc3 Bb4 4. f3 Ne7 5. Be3 b6 6. a3 Bxc3+ 7. bxc3 Ba6 8.
Bxa6 Nxa6 9. Qd3 Nb8 10. Ne2 Nbc6 11. c4 O-O 12. cxd5 exd5 13. O-O Qd7 14. c4
dxc4 15. Qxc4 Na5 16. Qa2 Rfe8 17. Bf2 Rac8 18. Rac1 Nb7 19. Rfd1 Qb5 20. d5
Nd8 21. Nc3 Qd7 22. Bg3 Nb7 23. e5 Nf5 24. Bf4 Nc5 25. Ne4 Nxe4 26. fxe4 Nh4
27. Qb2 Ng6 28. Bg3 Qe7 29. d6 cxd6 30. exd6 Qd7 31. Rd4 Nf8 32. e5 Ne6 33. Rh4
Rxc1+ 34. Qxc1 Rc8 35. Rc4 Rxc4 36. Qxc4 h6 37. Bf2 Kh7 38. h4 Kg8 39. h5 Nf8
40. Qc7 Qa4 41. Qc1 Qg4 42. Qd2 Nd7 43. Qd5 Qxh5 44. Qa8+ Kh7 45. Qe4+ Qg6 46.
Qd5 Qe6 47. Qe4+ f5 48. Qb7 Nxe5 49. Qe7 Qd5 50. Kh1 Qd1+ 51. Bg1 Qh5+ 52. Bh2
Ng4 0-1

[Event "BPB Limburg open B"]
[Site "Maastricht"]
[Date "2014.06.06"]
[Round "1"]
[White "Boom, Harrie"]
[Black "Klein, Gernot"]
[Result "1-0"]
[WhiteElo "1765"]
[BlackElo "1925"]
[PlyCount "126"]
[EventDate "2014.06.06"]
[EventType "swiss"]
[EventRounds "7"]
[EventCountry "NED"]
[Source "P.Boonen"]
[SourceDate "2014.10.10"]

1. e4 c5 2. Nf3 e6 3. d4 cxd4 4. Nxd4 a6 5. Bd3 Bc5 6. Nb3 Ba7 7. O-O Nc6 8.
Qg4 Nf6 9. Qg3 O-O 10. Be3 d6 11. N1d2 Ne5 12. Bxa7 Rxa7 13. h3 b5 14. f4 Nxd3
15. cxd3 Rc7 16. Rac1 Bb7 17. Qe3 Re8 18. Rxc7 Qxc7 19. Rc1 Qd8 20. Nf3 Re7 21.
Kh2 a5 22. Qd2 b4 23. Nbd4 Rc7 24. a3 Rxc1 25. Qxc1 Qb6 26. Qc2 h6 27. Qb3 d5
28. e5 Nd7 29. axb4 Qxb4 30. Qxb4 axb4 31. Nb3 Ba6 32. d4 Nb6 33. Nc5 Be2 34.
Kg3 Kf8 35. b3 Ke8 36. Kf2 Bxf3 37. Kxf3 Kd8 38. Nd3 Kc7 39. Nxb4 Nd7 40. Ke3
Kb6 41. Kd3 Kb5 42. Kc3 f6 43. Nd3 f5 44. b4 g5 45. g3 Nf8 46. Nc5 gxf4 47.
gxf4 h5 48. Kb3 Kc6 49. Ka4 Ng6 50. Nxe6 Kd7 51. Nc5+ Kc7 52. Nd3 Nf8 53. Ka5
Ne6 54. b5 Nxd4 55. b6+ Kb8 56. Nc5 Nc6+ 57. Ka6 Kc8 58. e6 d4 59. Kb5 Ne7 60.
b7+ Kc7 61. Ka6 Nc6 62. Kb5 Nb8 63. Kc4 Nc6 1-0